Environmental services provided by selected farming systems in Ghana. (Record no. 595)

MARC details
000 -LEADER
fixed length control field 00523nam a2200169Ia 4500
008 - FIXED-LENGTH DATA ELEMENTS--GENERAL INFORMATION
fixed length control field 240428s9999||||xx |||||||||||||| ||und||
020 ## - INTERNATIONAL STANDARD BOOK NUMBER
International Standard Book Number 9964750498
041 ## - LANGUAGE CODE
Language code of text/sound track or separate title eng
082 ## - DEWEY DECIMAL CLASSIFICATION NUMBER
Classification number 338.1-S
100 ## - MAIN ENTRY--PERSONAL NAME
Personal name Seini, A. Wayo - Botchie, George - Damnyag, Lawrence
245 #0 - TITLE STATEMENT
Title Environmental services provided by selected farming systems in Ghana.
260 ## - PUBLICATION, DISTRIBUTION, ETC.
Name of publisher, distributor, etc. ISSER
Place of publication, distribution, etc. Legon, Accra.
Date of publication, distribution, etc. 2004
300 ## - PHYSICAL DESCRIPTION
Extent 72P, tabs
650 ## - SUBJECT ADDED ENTRY--TOPICAL TERM
Topical term or geographic name entry element Sustainable agriculture -- Ghana. - Agriculture -- Economic aspects.
942 ## - ADDED ENTRY ELEMENTS (KOHA)
Koha item type Books
Holdings
Withdrawn status Lost status Damaged status Not for loan Home library Current library Shelving location Date acquired Total checkouts Full call number Date last seen Copy number Price effective from Koha item type
        Main Library Main Library Open Shelves 10/02/2022   338.1-S 00953 C1 29/04/2024 1 29/04/2024 Books
©2026  Parliament of Ghana Library - All rights reserved